000 00702nam a2200229Ia 4500
003 GCL
005 20240530102418.0
008 140319s9999 xx 000 0 ara d
040 _aGCL /
_cGCL
082 0 4 _a330/
_bأ أ
100 1 _aاحمد بديع بليح
245 1 0 _aالاقتصاد الدولى /
_cاحمد بديع بليح
260 _a[S.N] :
_bمنشاة المعارف الاسلامية ،
_c1993
300 _a314 ص
490 _aالكتب القانونية
_v0
650 0 4 _aمصر
650 0 4 _aالاقتصاد الكلى
650 0 4 _aالاقتصاد
650 0 4 _aالتكامل الاقتصادى
650 0 4 _aالاقتصاد الدولى
942 _2ddc
_cBK
999 _c32053
_d32053